000 00700nam a2200253Ia 4500
003 OSt
005 20221007074612.0
006 a|||||r|||| 00| 0
007 ta
008 221006b |||||||| |||| 00| 0 eng d
024 _a22,495
037 _cReference Collections
040 _aFLL
_cFLL
_beng
041 _2eng
_aeng
082 _aZ2:846, H2.3
100 _aChitaley V.V.
245 0 _aIndian limitation act
250 _a2nd
260 _aNagpur
_bThe All India Reporter Ltd. India
_c1942
300 _aviii,3255p
_ccm.
700 _a Rao K. N. Annaji
942 _hZ2:846, H2.3
_cREF
_2CC
999 _c1153017
_d1153017